Carlomagno (Record no. 38732)

MARC details
000 -LEADER
campo de control de longitud fija 00675nam a2200205 i 4500
001 - NÚMERO DE CONTROL
campo de control 38732
003 - IDENTIFICADOR DE NÚMERO DE CONTROL
campo de control ES-MaACL
005 - FECHA Y HORA DE LA ÚLTIMA TRANSACCIÓN
campo de control 20250822063116.0
007 - CAMPO FIJO DE DESCRIPCIÓN FÍSICA--INFORMACIÓN GENERAL
campo de control de longitud fija t|
008 - DATOS DE LONGITUD FIJA--INFORMACIÓN GENERAL
campo de control de longitud fija 030226s1948 ag ||||1| spa d
100 1# - ENTRADA PRINCIPAL--NOMBRE DE PERSONA
Nombre de persona Calmette, Joseph,
Fechas asociadas al nombre 1873-1952
9 (RLIN) 33767
245 10 - MENCIÓN DEL TÍTULO
Título Carlomagno
Resto del título : su vida y su obra /
Mención de responsabilidad, etc. Joseph Calmette ; [traducido por Delia L. Isola].
260 ## - PUBLICACIÓN, DISTRIBUCIÓN, ETC.
Lugar de publicación, distribución, etc. Buenos Aires :
Nombre del editor, distribuidor, etc. Argos,
Fecha de publicación, distribución, etc. [1948] (
Fabricante López)
300 ## - DESCRIPCIÓN FÍSICA
Extensión 299 p. ;
Dimensiones 21 cm.
600 04 - PUNTO DE ACCESO ADICIONAL DE MATERIA--NOMBRE DE PERSONA
Nombre de persona Carlomagno,
Títulos y otros términos asociados al nombre Emperador
9 (RLIN) 35288
651 #4 - PUNTO DE ACCESO ADICIONAL DE MATERIA--NOMBRE GEOGRÁFICO
Nombre geográfico Francia-
Subdivisión general Historia-
Subdivisión cronológica 687-987, Carolingios.
9 (RLIN) 8699
700 1# - ENTRADA AGREGADA--NOMBRE PERSONAL
Nombre de persona Isola, Delia L.
9 (RLIN) 65585
852 ## - LOCALIZACIÓN
Ubicación ES-MaACL
Número de control de estantería B-12792
Sublocalización o colección R.29405
Holdings
Estatus retirado Estado de pérdida Estado de daño No para préstamo Biblioteca de origen Biblioteca actual Ubicación en estantería Fecha de adquisición Fuente de adquisición Total de préstamos Signatura topográfica completa Código de barras Visto por última vez Precio de reemplazo Tipo de ítem Koha
        Biblioteca del Ateneo de Madrid Biblioteca del Ateneo de Madrid Sala Pardo Bazán 17/01/2008     B-12792 1040785 23/02/2023 23/02/2023 Libro impreso